Získavanie, rozvoj a udržiavanie efektívnosti učiteľov [národná podkladová správa za SR pre OECD]

Gespeichert in:
Bibliographische Detailangaben
Weitere Verfasser: Pokorná, S.
Format: Buch
Sprache:Slowakisch
Englisch
Veröffentlicht: Bratislava Ústav informácií a prognóz školstva 2003
Schlagworte:
Tags: Tag hinzufügen
Keine Tags, Fügen Sie das erste Tag hinzu!

MARC

LEADER 00000nam$a2200000$$$4500
001 0002042
005 20221221101306.2
041 0 |a slo 
041 0 |a eng 
044 |a SK 
245 1 0 |a Získavanie, rozvoj a udržiavanie efektívnosti učiteľov  |b [národná podkladová správa za SR pre OECD]  |c [prekladateľka: S. Pokorná] 
264 1 |a Bratislava  |b Ústav informácií a prognóz školstva  |c 2003 
300 |a 92 s. časť slovenská + 97 s. časť anglická 
610 2 0 |a školstvo 
610 2 0 |a výskum 
610 2 0 |a učitelia 
610 2 0 |a vzdelávanie 
610 2 0 |a financovanie 
610 2 0 |a školy 
610 2 0 |a platy 
610 2 0 |a kvalifikácia 
610 2 0 |a vzťahy pracovnoprávne 
610 2 0 |a miesta pracovné 
610 2 0 |a prognózy 
610 2 0 |a Slovensko 
700 1 |a Pokorná, S.